Discusiones. Derechos sociales / Año IV, Nº4 :
Guardado en:
| Otros Autores: | |
|---|---|
| Formato: | Seriadas |
| Idioma: | Spanish |
| Publicado: |
Bahía Blanca.
edi UNS,
2004 ;
|
| Etiquetas: |
Agregar Etiqueta
Sin Etiquetas, Sea el primero en etiquetar este registro!
|
| LEADER | 00425nas a22001335a 4500 | ||
|---|---|---|---|
| 001 | DER.der015676 | ||
| 008 | 260205s2004####ag#||#|||||||||###||spa|| | ||
| 005 | 20260205094711.0 | ||
| 245 | 1 | 0 | |a Discusiones. |n Año IV, Nº4 : |b Derechos sociales / |c dirigido por Pablo E. Navarro. |
| 260 | |b edi UNS, |c 2004 ; |a Bahía Blanca. | ||
| 300 | |a 176 p. | ||
| 022 | |a 15157326 | ||
| 100 | 1 | |a Navarro, Pablo E. |4 drt | |
| 859 | |a DERECHO |b BIB. DERECHO |h 340 |i DIS |p 003391 | ||
